FIFA World Cup - Worst teams - Statistics

General Stats
  • This quiz has been taken 3,326 times
    2,238 since last reset
  • The average score is 11 of 22
Answer Stats
EDITION WORST TEAM % Correct
2022 Qatar
86%
1934 USA
71%
1998 USA
71%
1986 Canada
61%
2002 Saudi Arabia
59%
2010 North Korea
58%
1930 Mexico
57%
1958 Mexico
57%
1978 Mexico
57%
2018 Panama
56%
1954 South Korea
52%
2014 Cameroon
46%
1994 Greece
40%
1950 Bolivia
39%
2006 Serbia and Montenegro
37%
1974 Zaire
37%
1962 Switzerland
33%
1966 Switzerland
33%
1938 Dutch East Indies
32%
1970 El Salvador
31%
1982 El Salvador
31%
1990 UAE
29%
No matching quizzes found
Score Distribution
Percent of People with Each Score
Percentile by Number Answered
Your Score History
You have not taken this quiz since the last reset